LEADER 01909nam0 22003011i 450 001 UON00520096 005 20240220095931.795 010 $a978-88-15-24814-5 100 $a20231115d2014 |0itac50 ba 101 $aita 102 $aIT 105 $a|||| ||||| 200 1 $aNatura$fRoberto Bondì, Antonello La_Vergata 210 $aBologna$cIl Mulino$d2014 215 $a243 p.$d23 cm. 330 $aNella storia della filosofia, della scienza e della cultura in generale, "natura" e "naturale", termini fra i piu? pregnanti, sono stati usati in accezioni assai diverse, ora sovrapposte, ora intrecciate, ora contrastanti, spesso cariche di implicazioni morali, affettive, estetiche, religiose. Di questa vicenda lunga e intricata da? conto il libro. Le diverse concezioni della natura, da Platone e Aristotele a Darwin fino ai giorni nostri, sono esposte in una prospettiva interdisciplinare, che prende in considerazione sia la tradizione filosofica sia le fonti scientifiche, letterarie e religiose, senza trascurare le recenti riflessioni sulle questioni ambientali 410 1$1001UON00523123$12001 $aLessico della filosofia$fa cura di Massimo Mori$1210 $aBologna$cil Mulino$v12 620 $aIT$dBologna$3UONL000085 700 1$aBONDI'$bRoberto$3UONV239101$0412734 701 1$aLA VERGATA$bAntonello$3UONV112491$0145158 712 02$aIl Mulino$3UONV245824 801 $aIT$bSOL$c20250613$gRICA 899 $aSIBA - SISTEMA BIBLIOTECARIO DI ATENEO$2UONSI 912 $aUON00520096 950 $aSIBA - SISTEMA BIBLIOTECARIO DI ATENEO$dSI FS 2.0 1458 $eSI 50346 5 1458 $sBuono 951 $aSIBA - SISTEMA BIBLIOTECARIO DI ATENEO$bSI2023970 1J 20231115Bolla n. 16 del 23.1.2024. 996 $aNatura$94393417 997 $aUNIOR